[Event "Hyderabad Slan op 1st"]
[Site "Hyderabad"]
[Date "2023.07.22"]
[Round "4"]
[White "Ehaan, Shaikh"]
[Black "Bharat, Kumar Reddy Poluri"]
[Result "0-1"]
[WhiteElo "1587"]
[BlackElo "2155"]
[PlyCount "62"]
[EventDate "2023.07.21"]
[EventType "swiss"]
[EventRounds "9"]
[EventCountry "IND"]
[SourceTitle "CBM 215 Extra"]
[Source "ChessBase"]
[SourceDate "2023.09.30"]
[SourceVersion "1"]
[SourceVersionDate "2023.09.30"]
[SourceQuality "1"]

1. e4 e6 2. d4 d5 3. e5 c5 4. c3 Qb6 5. Nf3 Nc6 6. a3 f6 7. Bd3 c4 8. Bc2 g6 9. exf6 Nxf6 10. 0-0 Bg7 11. Re1 0-0 12. Nbd2 Bd7 13. b3 cxb3 14. Nxb3 Rae8 15. Nc5 Bc8 16. Bf4 Ne4 17. Bxe4 dxe4 18. Rxe4 e5 19. Rb1 Qa5 20. Qb3+ Kh8 21. Bg3 Bf5 22. Ng5 Bxe4 23. Ncxe4 exd4 24. Qxb7 Nd8 25. Qd7 dxc3 26. Bd6 c2 27. Rf1 Qa6 28. Rc1 Qd3 29. g3 Qd1+ 30. Kg2 Qxc1 31. Bb4 Qd1 0-1

[Event "Hyderabad Slan op 1st"]
[Site "Hyderabad"]
[Date "2023.07.21"]
[Round "1"]
[White "Bharat, Kumar Reddy Poluri"]
[Black "Akshay, Sree Krishna Mavill"]
[Result "1-0"]
[WhiteElo "2155"]
[BlackElo "1094"]
[PlyCount "41"]
[EventDate "2023.07.21"]
[EventType "swiss"]
[EventRounds "9"]
[EventCountry "IND"]
[SourceTitle "CBM 215 Extra"]
[Source "ChessBase"]
[SourceDate "2023.09.30"]
[SourceVersion "1"]
[SourceVersionDate "2023.09.30"]
[SourceQuality "1"]

1. e4 e6 2. d4 d5 3. Nd2 c5 4. Ngf3 cxd4 5. exd5 Qxd5 6. Bc4 Qd6 7. 0-0 Nf6 8. Nb3 Nc6 9. Nbxd4 Nxd4 10. Nxd4 Bd7 11. Re1 Be7 12. c3 0-0 13. Qf3 Rac8 14. Bf4 Qc5 15. Bd3 Bc6 16. Nxc6 Qxc6 17. Qh3 Rfd8 18. Rad1 h6 19. Bxh6 gxh6 20. Qxh6 Rd5 21. Re3 1-0

[Event "Hyderabad Slan op 1st"]
[Site "Hyderabad"]
[Date "2023.07.21"]
[Round "2"]
[White "Mohammed, Ibrahim"]
[Black "Bharat, Kumar Reddy Poluri"]
[Result "0-1"]
[WhiteElo "1310"]
[BlackElo "2155"]
[PlyCount "118"]
[EventDate "2023.07.21"]
[EventType "swiss"]
[EventRounds "9"]
[EventCountry "IND"]
[SourceTitle "CBM 215 Extra"]
[Source "ChessBase"]
[SourceDate "2023.09.30"]
[SourceVersion "1"]
[SourceVersionDate "2023.09.30"]
[SourceQuality "1"]

1. e4 e6 2. d3 d5 3. Nd2 Nc6 4. Ngf3 Nf6 5. g3 dxe4 6. dxe4 Bc5 7. Bg2 0-0 8. 0-0 e5 9. h3 Qe7 10. Qe2 a5 11. a4 b6 12. c3 Ba6 13. Qe1 Rfd8 14. c4 Rd7 15. b3 Rad8 16. Qe2 Rd3 17. Rb1 Bb4 18. Rd1 Qd7 19. Bf1 Rc3 20. Bb2 Rc2 21. Rdc1 Rxd2 22. Nxd2 Qxd2 23. Rd1 Qxe2 24. Rxd8+ Nxd8 25. Bxe2 Nc6 26. f3 Bc5+ 27. Kg2 Kf8 28. Rd1 Nd4 29. Bxd4 Bxd4 30. Bd3 Nd7 31. Bc2 Nc5 32. h4 Ke7 33. Kh3 Bc8+ 34. Kg2 h5 35. Kh2 g6 36. Rd2 Ne6 37. Rg2 Bc5 38. Bd1 Bb7 39. g4 Nf4 40. Ra2 hxg4 41. Kg3 gxf3 42. Bxf3 Bb4 43. Kg4 Kf6 44. Ra1 Nd3 45. h5 gxh5+ 46. Kxh5 Nc5 47. Rf1 Ke7 48. Kh6 Nxe4 49. Bh5 Nf6 50. Bd1 Bd2+ 51. Kg7 Bf4 52. Bf3 Ne8+ 53. Kh7 Bxf3 54. Rxf3 f5 55. Kg6 Nd6 56. Rh3 e4 57. Rh7+ Ke6 58. Rxc7 e3 59. c5 bxc5 0-1

[Event "Vrindavana MMT op"]
[Site "Mathura"]
[Date "2023.04.26"]
[Round "8"]
[White "Sudhanshu, Ranjan"]
[Black "Bharat, Kumar Reddy Poluri"]
[Result "1/2-1/2"]
[WhiteElo "1912"]
[BlackElo "2197"]
[PlyCount "79"]
[EventDate "2023.04.23"]
[EventType "swiss"]
[EventRounds "9"]
[EventCountry "IND"]
[SourceTitle "CBM 213 Extra"]
[Source "ChessBase"]
[SourceDate "2023.05.31"]
[SourceVersion "1"]
[SourceVersionDate "2023.05.31"]
[SourceQuality "1"]

1. d4 Nf6 2. Nf3 d5 3. c4 e6 4. Nc3 Bb4 5. e3 0-0 6. Qb3 c5 7. cxd5 exd5 8. dxc5 Nc6 9. Be2 Bxc5 10. 0-0 a6 11. Qc2 Be6 12. Na4 Ba7 13. Nc5 Rc8 14. Nxe6 fxe6 15. Qb3 Qc7 16. Bd2 Ne4 17. Bc3 Bb8 18. g3 Rf7 19. Nd2 Nxc3 20. Qxc3 Rcf8 21. Nb3 Qe7 22. Bxa6 Be5 23. Qc1 Ra8 24. Bb5 Qf6 25. Rb1 Rxa2 26. Bxc6 Rc7 27. Qd1 Rxc6 28. Nc1 Rxb2 29. Nd3 Rxb1 30. Qxb1 Rc3 31. Nxe5 Qxe5 32. Qxb7 h5 33. Qe7 Qf5 34. Qd6 Rc2 35. Qf4 Qxf4 36. gxf4 d4 37. exd4 Rd2 38. Re1 Rxd4 39. Rxe6 Rxf4 40. h3 1/2-1/2

[Event "Hyderabad Singh Ji Memorial"]
[Site "Hyderabad"]
[Date "2023.01.14"]
[Round "9"]
[White "Bharat, Kumar Reddy Poluri"]
[Black "Mummana, Venkata Ruthvik"]
[Result "1-0"]
[WhiteElo "2243"]
[BlackElo "1700"]
[PlyCount "111"]
[EventDate "2023.01.10"]
[EventType "swiss"]
[EventRounds "9"]
[EventCountry "IND"]
[SourceTitle "CBM 212 Extra"]
[Source "ChessBase"]
[SourceDate "2023.03.31"]
[SourceVersion "1"]
[SourceVersionDate "2023.03.31"]
[SourceQuality "1"]

1. e4 e6 2. d4 d5 3. Nd2 c5 4. exd5 Qxd5 5. Ngf3 cxd4 6. Bc4 Qd7 7. 0-0 Nf6 8. Nb3 Nc6 9. Nbxd4 Nxd4 10. Nxd4 a6 11. Re1 b5 12. Bb3 Bb7 13. c3 Bc5 14. Be3 0-0 15. Nxe6 Qc6 16. Nf4 Bd6 17. Qf3 Qxf3 18. gxf3 Bxf3 19. Bd1 Bb7 20. Nh5 Nxh5 21. Bxh5 Be5 22. Rad1 Bc6 23. f4 Bc7 24. Kf2 g6 25. Bf3 Bxf3 26. Kxf3 Rfd8 27. Bd4 Rd7 28. Bc5 Rxd1 29. Rxd1 Re8 30. Rd7 Bb8 31. Rb7 g5 32. fxg5 Bxh2 33. Ra7 Re6 34. Kg4 Kg7 35. Ra8 Bd6 36. Bf2 Re4+ 37. Kh5 Re2 38. Bd4+ Be5 39. Bc5 f5 40. Ra7+ Kg8 41. g6 hxg6+ 42. Kxg6 Rg2+ 43. Kxf5 Bg7 44. Ba3 b4 45. cxb4 Rf2+ 46. Ke4 Rf6 47. Rd7 Rf2 48. Ra7 Rf6 49. Kd5 Bf8 50. Rc7 Rf2 51. Rc6 Rd2+ 52. Ke6 a5 53. b5 Bxa3 54. bxa3 Rxa2 55. b6 Rb2 56. Kd5 1-0

[Event "Hyderabad Singh Ji Memorial"]
[Site "Hyderabad"]
[Date "2023.01.11"]
[Round "4"]
[White "Bharat, Kumar Reddy Poluri"]
[Black "Haridev, S."]
[Result "1-0"]
[WhiteElo "2243"]
[BlackElo "1618"]
[PlyCount "115"]
[EventDate "2023.01.10"]
[EventType "swiss"]
[EventRounds "9"]
[EventCountry "IND"]
[SourceTitle "CBM 212 Extra"]
[Source "ChessBase"]
[SourceDate "2023.03.31"]
[SourceVersion "1"]
[SourceVersionDate "2023.03.31"]
[SourceQuality "1"]

1. e4 c5 2. Nf3 d6 3. Bb5+ Bd7 4. Bxd7+ Nxd7 5. 0-0 Ngf6 6. Qe2 e6 7. c3 d5 8. d3 Qc7 9. e5 Ng4 10. Re1 h5 11. c4 Nb6 12. h3 Nh6 13. Nc3 Qc6 14. a4 d4 15. Ne4 Nxa4 16. Qc2 Nb6 17. b4 Nf5 18. bxc5 Bxc5 19. Nxc5 Qxc5 20. Ba3 Qc6 21. Re4 Rd8 22. Bb2 a6 23. Nxd4 Nxd4 24. Bxd4 Nd7 25. Be3 Nc5 26. Rd4 Rxd4 27. Bxd4 0-0 28. Be3 Nd7 29. d4 Rc8 30. c5 b6 31. Rxa6 Qb5 32. Ra4 bxc5 33. dxc5 Nxe5 34. Rh4 Qd3 35. Qa4 Rb8 36. Kh2 Qd5 37. Rd4 Qc6 38. Qd1 g6 39. Rd8+ Rxd8 40. Qxd8+ Kg7 41. Bd4 Qe4 42. c6 h4 43. Bb2 Qf4+ 44. Kg1 Qe4 45. Qd4 Qb1+ 46. Kh2 f6 47. c7 Qc2 48. Bc3 Nf3+ 49. gxf3 e5 50. Qd7+ Kh6 51. Qd2+ Qxd2 52. Bxd2+ g5 53. c8Q Kg6 54. Qg4 Kh6 55. Qf5 e4 56. Qxf6+ Kh7 57. Bc3 e3 58. Qg7# 1-0

[Event "Hyderabad Singh Ji Memorial"]
[Site "Hyderabad"]
[Date "2023.01.11"]
[Round "3"]
[White "Vihaan, Karthikeya N"]
[Black "Bharat, Kumar Reddy Poluri"]
[Result "0-1"]
[WhiteElo "1564"]
[BlackElo "2243"]
[PlyCount "120"]
[EventDate "2023.01.10"]
[EventType "swiss"]
[EventRounds "9"]
[EventCountry "IND"]
[SourceTitle "CBM 212 Extra"]
[Source "ChessBase"]
[SourceDate "2023.03.31"]
[SourceVersion "1"]
[SourceVersionDate "2023.03.31"]
[SourceQuality "1"]

1. b3 e5 2. Bb2 Nc6 3. c4 Nf6 4. e3 d5 5. cxd5 Nxd5 6. d3 Bd6 7. Nf3 0-0 8. Be2 Bb4+ 9. Nbd2 Nc3 10. Bxc3 Bxc3 11. Rc1 Bb4 12. 0-0 Qe7 13. Qc2 Rd8 14. Rfd1 a5 15. Nc4 f6 16. d4 e4 17. Nfd2 f5 18. Nb1 Bd6 19. Nxd6 cxd6 20. Nc3 d5 21. Na4 Rd6 22. Nb6 Rb8 23. Nxc8 Rxc8 24. Bb5 Na7 25. Qe2 Rdd8 26. Ba4 g6 27. g4 fxg4 28. Rxc8 Nxc8 29. Qxg4 Nd6 30. b4 axb4 31. Rc1 b5 32. Bb3 Nc4 33. h4 Rf8 34. Bd1 Kg7 35. Qg3 Ra8 36. Bb3 h5 37. Kg2 Rf8 38. Bd1 Kh6 39. Kg1 Rf5 40. Kf1 Qa7 41. Bb3 Qf7 42. Bd1 g5 43. Ke1 g4 44. Be2 Rf6 45. Bd1 Qa7 46. Rc2 Qa5 47. Ke2 Qd8 48. Ke1 Ra6 49. Kf1 Qf6 50. Kg2 Ra3 51. Be2 Rc3 52. Bd1 Nd6 53. Rb2 Nf5 54. Qf4+ Kg6 55. Rxb4 Rc1 56. Bxg4 Nxh4+ 57. Kh2 Qxf4+ 58. exf4 hxg4 59. f3 Nxf3+ 60. Kg3 Rg1+ 0-1

[Event "Hyderabad Singh Ji Memorial"]
[Site "Hyderabad"]
[Date "2023.01.10"]
[Round "1"]
[White "Baheti, Oam"]
[Black "Bharat, Kumar Reddy Poluri"]
[Result "0-1"]
[WhiteElo "1185"]
[BlackElo "2243"]
[PlyCount "58"]
[EventDate "2023.01.10"]
[EventType "swiss"]
[EventRounds "9"]
[EventCountry "IND"]
[SourceTitle "CBM 212 Extra"]
[Source "ChessBase"]
[SourceDate "2023.03.31"]
[SourceVersion "1"]
[SourceVersionDate "2023.03.31"]
[SourceQuality "1"]

1. d4 Nf6 2. c4 e6 3. Nf3 d5 4. Nc3 Bb4 5. Bg5 h6 6. Bh4 g5 7. Bg3 Ne4 8. Qb3 Nc6 9. e3 h5 10. h4 g4 11. Ne5 Bxc3+ 12. bxc3 Nxg3 13. Nxc6 bxc6 14. fxg3 Qd6 15. cxd5 Qxg3+ 16. Kd2 exd5 17. Re1 Bf5 18. Qb7 Kd7 19. Bb5 Qd6 20. Rhf1 Bg6 21. Bd3 Rhb8 22. Qa6 Rb2+ 23. Kc1 Rb6 24. Qa4 Bxd3 25. Rxf7+ Kc8 26. Kd2 Bg6 27. Rf4 Rb2+ 28. Kc1 Rab8 29. Qa6+ Kd7 0-1

[Event "IND-ch 59th"]
[Site "New Delhi"]
[Date "2022.12.28"]
[Round "7"]
[White "Vivaan, Vishal Shah"]
[Black "Bharat, Kumar Reddy Poluri"]
[Result "0-1"]
[WhiteElo "1873"]
[BlackElo "2243"]
[PlyCount "118"]
[EventDate "2022.12.22"]
[EventType "swiss"]
[EventRounds "13"]
[EventCountry "IND"]
[SourceTitle "CBM 211 Extra"]
[Source "ChessBase"]
[SourceDate "2023.01.31"]
[SourceVersion "1"]
[SourceVersionDate "2023.01.31"]
[SourceQuality "1"]

1. e4 e6 2. d4 d5 3. Bd3 c5 4. exd5 exd5 5. Nf3 c4 6. Be2 Nf6 7. b3 cxb3 8. axb3 Bd6 9. 0-0 0-0 10. Bb2 Nc6 11. Nbd2 Bf5 12. c4 Re8 13. Re1 Bb4 14. Qc1 Rc8 15. Bc3 a5 16. Nf1 Be4 17. Bxb4 Nxb4 18. Ne3 Bxf3 19. Bxf3 Nd3 20. Qd2 Nxe1 21. Rxe1 a4 22. bxa4 dxc4 23. Bxb7 c3 24. Qd3 Rc7 25. Bf3 Nd5 26. Rc1 Nb4 27. Qb5 Qb8 28. g3 Qxb5 29. axb5 Rb8 30. Be2 c2 31. Kf1 Kf8 32. Ke1 Rd8 33. d5 Rc5 34. Bc4 Re8 35. Be2 Rxe3 36. fxe3 Na2 37. Kd2 Rxd5+ 38. Kxc2 Rc5+ 39. Kb3 Nxc1+ 40. Kb4 Rc2 41. Bc4 Na2+ 42. Kc5 Nc3 43. Kd4 Nxb5+ 44. Bxb5 Rxh2 45. Ke4 Rf2 46. g4 g6 47. Bd7 Ke7 48. Bc8 Kf6 49. Bd7 Kg5 50. Bc8 f5+ 51. gxf5 gxf5+ 52. Kd3 h5 53. e4 Rf3+ 54. Kd4 fxe4 55. Kxe4 Rf8 56. Bd7 Kh4 57. Bf5 Rxf5 58. Kxf5 Kg3 59. Kg5 h4 0-1

[Event "IND-ch 59th"]
[Site "New Delhi"]
[Date "2022.12.27"]
[Round "6"]
[White "Bharat, Kumar Reddy Poluri"]
[Black "Nirgun, Keval"]
[Result "0-1"]
[WhiteElo "2243"]
[BlackElo "1785"]
[PlyCount "116"]
[EventDate "2022.12.22"]
[EventType "swiss"]
[EventRounds "13"]
[EventCountry "IND"]
[SourceTitle "CBM 211 Extra"]
[Source "ChessBase"]
[SourceDate "2023.01.31"]
[SourceVersion "1"]
[SourceVersionDate "2023.01.31"]
[SourceQuality "1"]

1. e4 c5 2. Nf3 d6 3. Bb5+ Nd7 4. 0-0 a6 5. Bd3 e6 6. Re1 Be7 7. c3 g5 8. Rf1 g4 9. Ne1 Ngf6 10. Bc2 b6 11. d4 Bb7 12. Qe2 Qc7 13. Nd2 h5 14. f4 gxf3 15. Ndxf3 0-0-0 16. Ng5 Rdf8 17. Bf4 Rhg8 18. Nef3 Rg7 19. Kh1 h4 20. Nh3 Rfg8 21. Bg5 Nf8 22. Rg1 Nh5 23. Bxh4 Bxh4 24. Nxh4 Rg4 25. Nf3 Qe7 26. Nd2 f5 27. Raf1 Ng6 28. Qe3 Qh7 29. Bd1 Rh4 30. Bxh5 Rxh5 31. Rf3 Nh4 32. Rg3 fxe4 33. Rxg8+ Qxg8 34. Qg3 Qxg3 35. hxg3 Ng6 36. Kh2 e5 37. g4 Rh8 38. Re1 d5 39. Nb3 exd4 40. cxd4 c4 41. Nd2 Nf4 42. Nf1 Nd3 43. Rb1 b5 44. Kg3 Rf8 45. Ne3 b4 46. Nf5 Bc6 47. Nf4 c3 48. bxc3 bxc3 49. Rh1 c2 50. Ne2 Kc7 51. Ne3 Rf2 52. Nc1 Rd2 53. g5 Be8 54. Nxd5+ Kd8 55. Nc3 Nxc1 56. Rxc1 Rd3+ 57. Kf4 Rxc3 58. Kxe4 Bg6+ 0-1

[Event "IND-ch 59th"]
[Site "New Delhi"]
[Date "2022.12.25"]
[Round "4"]
[White "Bharat, Kumar Reddy Poluri"]
[Black "Mehar, Chinna Reddy CH"]
[Result "1/2-1/2"]
[WhiteElo "2243"]
[BlackElo "2405"]
[PlyCount "120"]
[EventDate "2022.12.22"]
[EventType "swiss"]
[EventRounds "13"]
[EventCountry "IND"]
[SourceTitle "CBM 211 Extra"]
[Source "ChessBase"]
[SourceDate "2023.01.31"]
[SourceVersion "1"]
[SourceVersionDate "2023.01.31"]
[SourceQuality "1"]

1. e4 c5 2. Nf3 d6 3. d4 cxd4 4. Nxd4 Nf6 5. Nc3 Nc6 6. g3 Bd7 7. Nde2 g6 8. Bg2 Bg7 9. h3 Qc8 10. g4 0-0 11. Nf4 h6 12. 0-0 Re8 13. Rb1 Ne5 14. Ncd5 Nxd5 15. exd5 Qc7 16. Be3 Rac8 17. c3 Nc4 18. Bd4 Bxd4 19. Qxd4 Qc5 20. Qd1 Ne5 21. Qd2 Qc4 22. Ra1 g5 23. Nh5 Qd3 24. Qc1 Nf3+ 25. Kh1 Nh4 26. Qe3 Qxe3 27. fxe3 f5 28. gxf5 Bxf5 29. Ng3 Bd7 30. Kh2 Rf8 31. Be4 Rxf1 32. Rxf1 Kg7 33. Nh5+ Kg8 34. Ng3 Rc5 35. Rf2 Ra5 36. a3 Rc5 37. Ne2 Rc8 38. Nd4 Rf8 39. Rxf8+ Kxf8 40. b4 Kg7 41. c4 Kf6 42. c5 dxc5 43. bxc5 Ke5 44. Bh1 Nf5 45. c6 bxc6 46. dxc6 Be6 47. Nb5 a6 48. Nc7 Nxe3 49. Nxa6 Kd6 50. Nb4 Nc4 51. Nc2 Bc8 52. a4 e5 53. Kg3 Bf5 54. Nb4 Na5 55. h4 e4 56. Nc2 Nxc6 57. hxg5 hxg5 58. Ne3 Ke5 59. Nxf5 Kxf5 60. Bxe4+ Kxe4 1/2-1/2

[Event "Abu Dhabi Masters 28th"]
[Site "Abu Dhabi"]
[Date "2022.08.25"]
[Round "9"]
[White "Karthik, Rajaa"]
[Black "Bharat, Kumar Reddy Poluri"]
[Result "0-1"]
[WhiteElo "2327"]
[BlackElo "2210"]
[PlyCount "112"]
[EventDate "2022.08.17"]
[EventType "swiss"]
[EventRounds "9"]
[EventCountry "UAE"]
[SourceTitle "CBM 209 Extra"]
[Source "ChessBase"]
[SourceDate "2022.09.30"]
[SourceVersion "1"]
[SourceVersionDate "2022.09.30"]
[SourceQuality "1"]

1. d4 Nf6 2. c4 e6 3. Nf3 d5 4. Nc3 Bb4 5. Qa4+ Nc6 6. e3 0-0 7. Bd2 a6 8. a3 Bd6 9. c5 Be7 10. Bd3 Re8 11. Qc2 h6 12. h3 Bf8 13. Ne2 e5 14. Nxe5 Nxe5 15. dxe5 Nd7 16. e6 Rxe6 17. b4 Ne5 18. Bc3 Nxd3+ 19. Qxd3 Qg5 20. 0-0-0 c6 21. g4 a5 22. Nd4 Re4 23. Kb2 b6 24. h4 Qxg4 25. f3 Qg2+ 26. Qd2 Qxd2+ 27. Bxd2 Re8 28. cxb6 axb4 29. axb4 c5 30. Nb5 Rb8 31. Nc7 Rd8 32. b5 Rxb6 33. Ba5 Rb7 34. b6 Be6 35. e4 d4 36. Nxe6 fxe6 37. Kb3 d3 38. Kc4 Rd4+ 39. Kb5 c4 40. Ka6 Rb8 41. Ka7 Rdd8 42. b7 Bc5+ 43. Ka6 Rd6+ 44. Kb5 Be3 45. Kxc4 Rxb7 46. Rb1 Rxb1 47. Rxb1 d2 48. Rd1 Kf7 49. h5 g6 50. hxg6+ Kxg6 51. Bc7 Rc6+ 52. Kd3 Rc1 53. Ke2 Rxd1 54. Kxd1 h5 55. Bg3 Kg5 56. Ke2 Bf4 0-1

[Event "Abu Dhabi Masters 28th"]
[Site "Abu Dhabi"]
[Date "2022.08.22"]
[Round "6"]
[White "Bharat, Kumar Reddy Poluri"]
[Black "Panda, Sambit"]
[Result "1/2-1/2"]
[WhiteElo "2210"]
[BlackElo "2346"]
[PlyCount "107"]
[EventDate "2022.08.17"]
[EventType "swiss"]
[EventRounds "9"]
[EventCountry "UAE"]
[SourceTitle "CBM 209 Extra"]
[Source "ChessBase"]
[SourceDate "2022.09.30"]
[SourceVersion "1"]
[SourceVersionDate "2022.09.30"]
[SourceQuality "1"]

1. e4 c6 2. d4 d5 3. e5 Bf5 4. Nf3 e6 5. Be2 c5 6. Be3 cxd4 7. Nxd4 Ne7 8. 0-0 Nbc6 9. Bb5 a6 10. Bxc6+ bxc6 11. c4 Qd7 12. Nc3 dxc4 13. Nxf5 Qxd1 14. Nxd1 Nxf5 15. Rc1 0-0-0 16. Rxc4 Kb7 17. g4 Nh4 18. Rf4 Rd7 19. Nc3 g5 20. Re4 h5 21. f3 Be7 22. Na4 Rd5 23. Nb6 Rd3 24. Nc4 c5 25. Nd6+ Bxd6 26. exd6 Kc6 27. Kf2 f5 28. gxf5 exf5 29. Rc4 f4 30. Bxc5 Rxf3+ 31. Kg1 Rxf1+ 32. Kxf1 Kd7 33. Rb4 Rc8 34. Rb7+ Kc6 35. Ra7 Nf3 36. b4 Nd2+ 37. Ke2 Ne4 38. Rxa6+ Kd5 39. Ra5 Ke6 40. Kf3 Nd2+ 41. Ke2 Ne4 42. Kd3 Nf6 43. Bd4 Nd5 44. Bc5 g4 45. Ra6 Rxc5 46. bxc5 Nb4+ 47. Ke4 Nxa6 48. Kxf4 Nxc5 49. Kg5 Ne4+ 50. Kxh5 Kf5 51. d7 Nf6+ 52. Kh4 Nxd7 53. h3 gxh3 54. Kxh3 1/2-1/2

[Event "Abu Dhabi Masters 28th"]
[Site "Abu Dhabi"]
[Date "2022.08.20"]
[Round "5"]
[White "Mohammad, Nubairshah Shaikh"]
[Black "Bharat, Kumar Reddy Poluri"]
[Result "1-0"]
[WhiteElo "2457"]
[BlackElo "2210"]
[PlyCount "85"]
[EventDate "2022.08.17"]
[EventType "swiss"]
[EventRounds "9"]
[EventCountry "UAE"]
[SourceTitle "CBM 209 Extra"]
[Source "ChessBase"]
[SourceDate "2022.09.30"]
[SourceVersion "1"]
[SourceVersionDate "2022.09.30"]
[SourceQuality "1"]

1. c4 Nf6 2. Nc3 e5 3. e3 Nc6 4. Qb3 Bc5 5. Nf3 e4 6. Ng5 Qe7 7. Qc2 d5 8. Nxd5 Nxd5 9. cxd5 Nb4 10. Qxe4 Kf8 11. a3 Qxe4 12. Nxe4 Nc2+ 13. Kd1 Nxa1 14. Nxc5 b6 15. Na6 Bxa6 16. Bxa6 Nb3 17. Kc2 Nxc1 18. Rxc1 Rd8 19. Kd1 Rd7 20. Bb5 Rxd5 21. Rxc7 Rxb5 22. Rc8+ Ke7 23. Rxh8 Rxb2 24. Rxh7 Ra2 25. Rxg7 Rxa3 26. h4 a5 27. Rg5 Rb3 28. h5 a4 29. h6 Rb1+ 30. Kc2 Rh1 31. Rg4 a3 32. Kb3 Rxh6 33. Kxa3 Rd6 34. Rd4 Rc6 35. g4 Rc1 36. g5 Rb1 37. f4 Kf8 38. Rb4 Rd1 39. Rb2 Ke7 40. Kb3 Rc1 41. Rc2 Rd1 42. Rc7+ Kd6 43. Kc2 1-0

[Event "Abu Dhabi Masters 28th"]
[Site "Abu Dhabi"]
[Date "2022.08.18"]
[Round "2"]
[White "Bharat, Kumar Reddy Poluri"]
[Black "Siddharth, Jagadeesh"]
[Result "1/2-1/2"]
[WhiteElo "2210"]
[BlackElo "2426"]
[PlyCount "49"]
[EventDate "2022.08.17"]
[EventType "swiss"]
[EventRounds "9"]
[EventCountry "UAE"]
[SourceTitle "CBM 209 Extra"]
[Source "ChessBase"]
[SourceDate "2022.09.30"]
[SourceVersion "1"]
[SourceVersionDate "2022.09.30"]
[SourceQuality "1"]

1. e4 c5 2. Nf3 d6 3. d4 cxd4 4. Nxd4 Nf6 5. Nc3 Nc6 6. g3 Nxd4 7. Qxd4 g6 8. e5 dxe5 9. Qxd8+ Kxd8 10. Bg5 Bg4 11. Bg2 Kc8 12. h3 Bd7 13. 0-0-0 Bc6 14. Bxc6 bxc6 15. Rd3 h6 16. Bxf6 exf6 17. Rhd1 Be7 18. Ne4 Rd8 19. Rxd8+ Bxd8 20. Nd6+ Kc7 21. Ne8+ Kc8 22. Nd6+ Kc7 23. Ne8+ Kc8 24. Nd6+ Kc7 25. Ne8+ 1/2-1/2

[Event "Visakhapatnam Vizag op"]
[Site "Visakhapatnam"]
[Date "2022.06.17"]
[Round "10"]
[White "Bharat, Kumar Reddy Poluri"]
[Black "Adireddy, Arjun"]
[Result "1-0"]
[WhiteElo "2224"]
[BlackElo "1857"]
[PlyCount "101"]
[EventDate "2022.06.10"]
[EventType "swiss"]
[EventRounds "10"]
[EventCountry "IND"]
[SourceTitle "CBM 208 Extra"]
[Source "ChessBase"]
[SourceDate "2022.07.31"]
[SourceVersion "1"]
[SourceVersionDate "2022.07.31"]
[SourceQuality "1"]

1. e4 c5 2. Nf3 d6 3. d4 cxd4 4. Nxd4 Nf6 5. Nc3 a6 6. g3 e5 7. Nde2 Be7 8. Bg2 0-0 9. a4 b6 10. 0-0 Bb7 11. h3 Nbd7 12. g4 Nc5 13. Ng3 b5 14. axb5 axb5 15. Rxa8 Qxa8 16. Nf5 Qd8 17. Bg5 b4 18. Nxe7+ Qxe7 19. Nd5 Qe6 20. Bxf6 Bxd5 21. Bxg7 Kxg7 22. exd5 Qf6 23. Qd2 Qf4 24. Qxf4 exf4 25. b3 Ra8 26. Rd1 Ra2 27. Rd4 Rxc2 28. Rxf4 Nd3 29. Rd4 Rc3 30. Bf1 Nc5 31. Rxb4 Nxb3 32. Rb6 Nd2 33. Bg2 Rc1+ 34. Kh2 Nc4 35. Rc6 h6 36. Kg3 Kf6 37. Kf4 Ke7 38. Be4 Rc3 39. Bb1 h5 40. Ba2 Rxh3 41. Bxc4 hxg4 42. Kxg4 Rc3 43. f4 Rc1 44. Kf5 Rc3 45. Be2 Re3 46. Bh5 Rd3 47. Ke4 Rh3 48. Rc7+ Kd8 49. Rd7+ Kxd7 50. Bg4+ f5+ 51. Bxf5+ 1-0

[Event "Gujarat op 3rd"]
[Site "Ahmedabad"]
[Date "2022.04.03"]
[Round "5"]
[White "Neelash, Saha"]
[Black "Bharat, Kumar Reddy Poluri"]
[Result "1-0"]
[WhiteElo "2445"]
[BlackElo "2263"]
[PlyCount "43"]
[EventDate "2022.03.31"]
[EventType "swiss"]
[EventRounds "10"]
[EventCountry "IND"]
[SourceTitle "CBM 207 Extra"]
[Source "ChessBase"]
[SourceDate "2022.05.31"]
[SourceVersion "1"]
[SourceVersionDate "2022.05.31"]
[SourceQuality "1"]

1. d4 e6 2. c4 Nf6 3. Nf3 d5 4. Nc3 Bb4 5. cxd5 exd5 6. Bg5 h6 7. Bh4 Bf5 8. Qa4+ Nc6 9. e3 0-0 10. Bb5 Qd6 11. 0-0 Bxc3 12. bxc3 Ne4 13. Rfc1 a6 14. Bxc6 bxc6 15. c4 Rfb8 16. Ne5 g5 17. Bg3 Nxg3 18. hxg3 c5 19. cxd5 cxd4 20. Qxd4 Rb5 21. e4 Re8 22. Nc4 1-0

[Event "New Delhi Parsvnath op-A 18th"]
[Site "New Delhi"]
[Date "2020.01.10"]
[Round "2"]
[White "Rozum, Ivan"]
[Black "Bharat, Kumar Reddy Poluri"]
[Result "1-0"]
[WhiteElo "2573"]
[BlackElo "2306"]
[PlyCount "55"]
[EventDate "2020.01.09"]
[EventType "swiss"]
[EventRounds "10"]
[EventCountry "IND"]
[SourceTitle "CBM 194 Extra"]
[Source "ChessBase"]
[SourceDate "2020.03.31"]
[SourceVersion "1"]
[SourceVersionDate "2020.03.31"]
[SourceQuality "1"]

1. d4 e6 2. c4 Nf6 3. Nc3 Bb4 4. e3 0-0 5. Nf3 b6 6. Bd3 Bb7 7. 0-0 d5 8. cxd5 exd5 9. Bd2 Re8 10. Rc1 a6 11. Ne5 Bd6 12. f4 c5 13. Be1 cxd4 14. exd4 Nc6 15. Bh4 Nxd4 16. Bxh7+ Kf8 17. Bxf6 gxf6 18. Qh5 Rxe5 19. fxe5 Bxe5 20. Bg6 Ne6 21. Bf5 Qd6 22. Rcd1 b5 23. Kh1 Nf4 24. Qh6+ Ke7 25. Ne4 Qc7 26. Nxf6 Qd6 27. Rde1 d4 28. Qxf4 1-0

[Event "Bhopal op"]
[Site "Bhopal"]
[Date "2019.12.24"]
[Round "6"]
[White "Bharat, Kumar Reddy Poluri"]
[Black "Bagwe, Gaurang"]
[Result "1-0"]
[WhiteElo "2337"]
[BlackElo "1801"]
[PlyCount "71"]
[EventDate "2019.12.21"]
[EventType "swiss"]
[EventRounds "10"]
[EventCountry "IND"]
[SourceTitle "CBM 194 Extra"]
[Source "ChessBase"]
[SourceDate "2020.03.31"]
[SourceVersion "1"]
[SourceVersionDate "2020.03.31"]
[SourceQuality "1"]

1. e4 c5 2. Nf3 d6 3. d4 cxd4 4. Nxd4 Nf6 5. Nc3 g6 6. Be2 Bg7 7. 0-0 0-0 8. Be3 Nc6 9. Nb3 Be6 10. f4 a6 11. Kh1 Rc8 12. Nd4 Nxd4 13. Bxd4 Bc4 14. Bd3 Qa5 15. Qe2 e5 16. Be3 b5 17. fxe5 dxe5 18. a3 Be6 19. Bc5 Rxc5 20. b4 Qc7 21. bxc5 Qxc5 22. Nd1 Nh5 23. g3 f5 24. a4 fxe4 25. Rxf8+ Bxf8 26. Bxe4 Bc4 27. Qf3 Nf6 28. Nf2 Qxf2 29. Qxf2 Nxe4 30. Qb6 Bd5 31. Qd8 Nf6+ 32. Kg1 Kf7 33. Qc7+ Ke6 34. axb5 Nd7 35. Rxa6+ Ke7 36. Qd6+ 1-0